000 004390000a22001690004500
003 MACL
005 20151231152839.0
008 151231b xxu||||| |||| 00| 0 eng d
040 _aMACL
_cMACL
041 _aEnglish
082 _a330/ALL
100 _aAllen, G C
_925844
245 _aA Short Economic History of Modern Japan
260 _bGeorge Allen & Unwing
_c1950
_aBritain
650 _aEconomics
_925845
942 _cBK
_k330/All
_2ddc
999 _c35016
_d35016